MARC details
| 000 -CABECERA |
| campo de control de longitud fija |
02713nam a2200517Ia 4500 |
| 001 - NÚMERO DE CONTROL |
| campo de control |
dia_1722 |
| 003 - IDENTIFICADOR DEL NÚMERO DE CONTROL |
| campo de control |
CHAP |
| 005 - FECHA Y HORA DE LA ÚLTIMA TRANSACCIÓN |
| campo de control |
20240322180943.0 |
| 007 - CAMPO FIJO DE DESCRIPCIÓN FÍSICA--INFORMACIÓN GENERAL |
| campo de control de longitud fija |
ta |
| 008 - DATOS DE LONGITUD FIJA--INFORMACIÓN GENERAL |
| campo de control de longitud fija |
220117s2010 mx ado fr 001 0 spa d |
| 040 ## - FUENTE DE LA CATALOGACIÓN |
| Centro/agencia transcriptor |
CHAP |
| Centro catalogador/agencia de origen |
mxchpua |
| 090 ## - LOCALMENTE ASIGNADO TIPO-LC NÚMERO DE CLASIFICACIÓN (OCLC); NÚMERO DE CLASIFICACIÓN LOCAL (RLIN) |
| Número de clasificación (OCLC) (R) ; Numero de clasificación, CALL (RLIN) (NR) |
T.C.526 |
| Número cutter local (OCLC) ; Número de libro/Signatura topográfica íntegra, CALL (RLIN) |
E87 IA |
| Año |
2010 |
| 245 13 - MENCIÓN DE TÍTULO |
| Título |
Reporte del viaje generacional a Tlaxcala, Puebla y Veracruz / |
| Mención de responsabilidad, etc. |
coordinador José Alfredo Espejel Zaragoza ; colaboradores Hugo Fernando Amaro Vidal...[et al.] |
| 260 ## - PUBLICACIÓN, DISTRIBUCIÓN, ETC. |
| Lugar de publicación, distribución, etc. |
México : |
| Nombre del editor, distribuidor, etc. |
El autor, |
| Fecha de publicación, distribución, etc. |
2010 |
| 300 ## - DESCRIPCIÓN FÍSICA |
| Extensión |
cerca 120 hojas : |
| Otras características físicas |
ilustraciones, gráficas, diagramas, tablas, fotos |
| 336 ## - TIPO DE CONTENIDO |
| Fuente |
rdacontent |
| Término de tipo de contenido |
texto |
| Código de tipo de contenido |
txt |
| 337 ## - TIPO DE MEDIO |
| Fuente |
rdamedia |
| Nombre/término del tipo de medio |
no mediado |
| Código del tipo de medio |
n |
| 338 ## - TIPO DE SOPORTE |
| Fuente |
rdacarrier |
| Nombre/término del tipo de soporte |
volumen |
| Código del tipo de soporte |
nc |
| 500 ## - NOTA GENERAL |
| Nota general |
Directorio en Anexo 1 --<br/>Grado 4° Grupo 2 |
| 502 ## - NOTA DE TESIS |
| Nota de tesis |
Viaje de Estudios |
| Tipo de título |
(IA) -- |
| Nombre de la institución que otorga el título |
UACh. Departamento de Ingeniería Agroindustrial, |
| Año de obtención del título |
2010 |
| 505 ## - NOTA DE CONTENIDO CON FORMATO |
| Nota de contenido con formato |
Empresas visitadas: |
| Título |
1. Cebadas y maltas, S. A. de C. V. -- <br/>2. Procesadora Verduzco, S. A. de C. V. -- <br/>3. Bodegas Copa de Oro, S. A. de C. V. -- <br/>4. Arroz SOS, S. A. de C. V. -- <br/>5. Industrias Chahín, S. A. de C. V. -- <br/>6. Cervecería Cuahutémoc-Moctezuma, S. A. de C. V. -- <br/>7. Industrial Patrona, S. A. de C. V. -- <br/>8. Ingenio azucarero Constancia, S. A. de C. V. -- <br/>9. Grupo BIMBO, Veracruz, S. A. de C. V. -- <br/>10. LALA Comercializadora y Derivados, S. A. de C. V. -- <br/>11. CITREX, S. A. de C. V. -- <br/>12. Cítricos Cadillo, S. A. de C. V. -- <br/>13. Unión Regional Ganadera del Norte de Veracruz -- <br/>14. Beneficiadora Alta Sierra, S. A. de C. V. -- <br/>15. Café Aresca, S. A. de C. V. -- <br/>16. American Gold Coffee, S. P. R. de R. L. -- <br/>17. Blueberry, S. A. de C. V. -- <br/>18. Blackberry, S. A. de C. V. |
| 650 13 - PUNTO DE ACCESO ADICIONAL DE MATERIA--TÉRMINO DE MATERIA |
| Término de materia o nombre geográfico como elemento de entrada |
Café |
| 9 (RLIN) |
17085 |
| 650 13 - PUNTO DE ACCESO ADICIONAL DE MATERIA--TÉRMINO DE MATERIA |
| Término de materia o nombre geográfico como elemento de entrada |
Cítricos |
| 9 (RLIN) |
24392 |
| 650 13 - PUNTO DE ACCESO ADICIONAL DE MATERIA--TÉRMINO DE MATERIA |
| Término de materia o nombre geográfico como elemento de entrada |
Industria azucarera |
| 9 (RLIN) |
57780 |
| 650 13 - PUNTO DE ACCESO ADICIONAL DE MATERIA--TÉRMINO DE MATERIA |
| Término de materia o nombre geográfico como elemento de entrada |
Industria cervecera |
| 9 (RLIN) |
57799 |
| 650 13 - PUNTO DE ACCESO ADICIONAL DE MATERIA--TÉRMINO DE MATERIA |
| Término de materia o nombre geográfico como elemento de entrada |
Industria de los alimentos |
| 9 (RLIN) |
148659 |
| 650 13 - PUNTO DE ACCESO ADICIONAL DE MATERIA--TÉRMINO DE MATERIA |
| Término de materia o nombre geográfico como elemento de entrada |
Industria de productos agrícolas |
| 9 (RLIN) |
151277 |
| 650 13 - PUNTO DE ACCESO ADICIONAL DE MATERIA--TÉRMINO DE MATERIA |
| Término de materia o nombre geográfico como elemento de entrada |
Industria lechera |
| 9 (RLIN) |
57819 |
| 650 13 - PUNTO DE ACCESO ADICIONAL DE MATERIA--TÉRMINO DE MATERIA |
| Término de materia o nombre geográfico como elemento de entrada |
Industria panadera |
| 9 (RLIN) |
147086 |
| 650 13 - PUNTO DE ACCESO ADICIONAL DE MATERIA--TÉRMINO DE MATERIA |
| Término de materia o nombre geográfico como elemento de entrada |
Brewing industry |
| 9 (RLIN) |
151423 |
| 650 13 - PUNTO DE ACCESO ADICIONAL DE MATERIA--TÉRMINO DE MATERIA |
| Término de materia o nombre geográfico como elemento de entrada |
Bakery industry |
| 9 (RLIN) |
147084 |
| 650 13 - PUNTO DE ACCESO ADICIONAL DE MATERIA--TÉRMINO DE MATERIA |
| Término de materia o nombre geográfico como elemento de entrada |
Citrus fruits |
| 9 (RLIN) |
152026 |
| 650 13 - PUNTO DE ACCESO ADICIONAL DE MATERIA--TÉRMINO DE MATERIA |
| Término de materia o nombre geográfico como elemento de entrada |
Coffe products |
| 9 (RLIN) |
157295 |
| 650 13 - PUNTO DE ACCESO ADICIONAL DE MATERIA--TÉRMINO DE MATERIA |
| Término de materia o nombre geográfico como elemento de entrada |
Dairy industry |
| 9 (RLIN) |
147068 |
| 650 13 - PUNTO DE ACCESO ADICIONAL DE MATERIA--TÉRMINO DE MATERIA |
| Término de materia o nombre geográfico como elemento de entrada |
Sugar industry |
| 9 (RLIN) |
151278 |
| 650 13 - PUNTO DE ACCESO ADICIONAL DE MATERIA--TÉRMINO DE MATERIA |
| Término de materia o nombre geográfico como elemento de entrada |
Food industry |
| 9 (RLIN) |
148657 |
| 650 13 - PUNTO DE ACCESO ADICIONAL DE MATERIA--TÉRMINO DE MATERIA |
| Término de materia o nombre geográfico como elemento de entrada |
Horticultural products industry |
| 9 (RLIN) |
151427 |
| 700 1# - PUNTO DE ACCESO ADICIONAL--NOMBRE DE PERSONA |
| Nombre de persona |
Espejel Zaragoza, José Alfredo |
| 9 (RLIN) |
151219 |
| Término indicativo de función/relación |
coordinador |
| 700 1# - PUNTO DE ACCESO ADICIONAL--NOMBRE DE PERSONA |
| Nombre de persona |
Amaro Vidal, Hugo Fernando |
| 9 (RLIN) |
151428 |
| Término indicativo de función/relación |
colaborador |
| 942 ## - ELEMENTOS DE PUNTO DE ACCESO ADICIONAL (KOHA) |
| Fuente del sistema de clasificación o colocación |
Clasificación Universidad Autónoma de Chapingo |
| 901 ## - ELEMENTOS DE DATOS A LOCAL LDA (RLIN) |
| a |
T.C.526 E87 IA 2010 |
| 902 ## - ELEMENTOS DE DATOS B LOCAL, LDB (RLIN) |
| a |
M |
| 905 ## - ELEMENTOS DE DATOS E LOCAL, LDE (RLIN) |
| a |
5232272010 mx din 8223223322spa16 |
| 942 ## - ELEMENTOS DE PUNTO DE ACCESO ADICIONAL (KOHA) |
| Tipo de ítem Koha |
Viaje de Estudios |